Central Library OPAC University of Rajshahi

ইসলামের আলোকে মা ও শিশু : (Record no. 81311)

MARC details
000 -LEADER
fixed length control field 01440nam a2200265 a 4500
001 - CONTROL NUMBER
RUCL Control Number 81311
003 - CONTROL NUMBER IDENTIFIER
rucl marc code BD-RjUL
005 - DATE AND TIME OF LATEST TRANSACTION
control field 20230328105859.0
008 - FIXED-LENGTH DATA ELEMENTS--GENERAL INFORMATION
fixed length control field 230328s2020 bg ||||| m||| 00| 0 ben d
035 ## - SYSTEM CONTROL NUMBER
system control number (BD-RjUL)81311
040 ## - CATALOGING SOURCE
Original cataloging agency BD-RjUL
Language of cataloging ben / eng
Transcribing agency BD-RjUL
Modifying agency BD-RjUL
041 ## - LANGUAGE CODE
Language code of Book ben
082 ## - DEWEY DECIMAL CLASSIFICATION NUMBER
Classification number 297.2
Author mark and Year AKI 2020
DDC Edition number 23
100 ## - MAIN ENTRY--PERSONAL NAME
Personal name আখতার, শামীমা
9 (RLIN) 7226
245 10 - TITLE STATEMENT
Title ইসলামের আলোকে মা ও শিশু :
Remainder of title দায়িত্ব ও কর্তব্য /
Statement of responsibility, etc শামীমা আখতার ;
Name of Supervisor/Co-Supervisor তত্ত্বাবধায়ক : মো. আবু বকর
246 ## - VARYING FORM OF TITLE
Title proper/short title Mother and Child in the Light of Islam :
Remainder of title Duties and Responsibilities /
260 ## - PUBLICATION, DISTRIBUTION, ETC. (IMPRINT)
Place of publication, distribution, etc রাজশাহী :
Name of publisher, distributor, etc আরবী বিভাগ, রাজশাহী বিশ্ববিদ্যালয়,
Date of publication, distribution, etc ২০২০
300 ## - PHYSICAL DESCRIPTION
Pagination viii, ৪৪৫ পাতা ;
Dimensions ২৯ সেমি.
502 ## - DISSERTATION NOTE
Dissertation note থিসিস (পিএইচ. ডি.) -- আরবী বিভাগ, রাজশাহী বিশ্ববিদ্যালয়, ২০২০
504 ## - BIBLIOGRAPHY, ETC. NOTE
Bibliography, etc গ্রন্থপঞ্জি : পাতা [৪২৬]-৪৩৮
650 ## - SUBJECT ADDED ENTRY--TOPICAL TERM
Topical term or geographic name as entry element ইসলামী দর্শন
Form subdivision মা ও শিশু
9 (RLIN) 7227
Topical term or geographic name as entry element Islamic Philosophy
Form subdivision Mother and Child
9 (RLIN) 7228
700 ## - ADDED ENTRY--SUPERVISOR/CO-SUPERVISOR NAME
Personal name বকর, মো. আবু, তত্ত্বাবধায়ক
9 (RLIN) 7229
942 ## - ADDED ENTRY ELEMENTS (KOHA)
Source of classification or shelving scheme Dewey Decimal Classification
Koha item type Theses
Holdings
Source of classification or shelving scheme Damaged status Not for loan Collection code Permanent Location Current Location Shelving location Date of accession Source of acquisition Total Checkouts Full call number Barcode Date last seen Copy number Thesis
Dewey Decimal Classification   Not For Loan Theses Central Library, University of Rajshahi Central Library, University of Rajshahi Documentation Section 28/02/2023 Controller of Exam. R.U   BTHE 297.2 AKI 2020 D4693 28/03/2023 C-1 Theses